Estadísticas para 15 principales países con muertes de Covid-19 - 23 de julio

Haz click aquí para intentar la prueba.

Estadísticas generales

  • Esta prueba ha sido intentada 6 veces
  • La puntuación promedio es 17 de 20

Estadísticas de respuestas

país% Correcto
Alemania
100%
Brasil
100%
España
100%
Estados Unidos
100%
India
100%
Italia
100%
México
100%
Reino Unido
100%
Suecia
100%
Bélgica
83%
Chile
83%
Ecuador
83%
Irán
83%
Perú
83%
Rusia
83%
Canadá
67%
Francia
67%
Irlanda
67%
Países Bajos
50%
Panamá
33%

Distribución de puntuación

Porcentaje por número respondido

Porcentaje de gente con cada puntuación

Historial de tus puntuaciones

No has intentado esta prueba.